Sons and lovers / (رقم التسجيلة. 35621)
[ عرض عادي ]
| 000 -الفاتح | |
|---|---|
| حقل البيانات ثابتة الطول | 01357cam a2200349 a 4500 |
| 001 - رقم الضبط | |
| رقم الضبط | 12652731 |
| 003 - محدد رقم الضبط | |
| رقم الضبط | OSt |
| 005 - وقت وتاريخ اخر تعامل مع التسجيلة | |
| رقم الضبط | 20150408114223.0 |
| 008 - عناصر البيانات ثابتة الطول - معلومات عامة | |
| حقل البيانات ثابتة الطول | 020123r20021913nyu 000 1 eng |
| 010 ## - رقم ضبط مكتبة الكونجرس | |
| رقم ضبط مكتبة الكونجرس | 2002019205 |
| 020 ## - الرقم الدولى المعيارى للكتب | |
| الرقم الدولى المعيارى للكتاب | 048642121X (pbk.) |
| 040 ## - مصدر الفهرسة | |
| وكالة الفهرسة الأصلية | DLC |
| وكالة النسخ | DLC |
| وكالة التعديل | DLC |
| 043 ## - رمز المنطقة الجغرافية | |
| رمز المنطقة الجغرافية | e-uk-en |
| 050 00 - رقم طلب مكتبة الكونجرس | |
| رقم التصنيف | PR6023.A93 |
| رقم المادة | S6 2002 |
| 082 00 - رقم تصنيف ديوى العشرى | |
| رقم التصنيف | 823.912 |
| رقم الطبعة | 21 |
| رقم المادة | LDS |
| 100 1# - المدخل الرئيسى - إسم شخصى | |
| الإسم الشخصى | Lawrence, D. H. |
| الشكل الأكمل للاسم | (David Herbert), |
| التواريخ المصاحبة للاسم | 1885-1930. |
| 9 (RLIN) | 6803 |
| 245 10 - بيان العنوان | |
| العنوان | Sons and lovers / |
| بيان المسئوليه,etc | D.H. Lawrence. |
| 260 ## - PUBLICATION, DISTRIBUTION, ETC. (IMPRINT) | |
| مكان الناشر او الموزع | Mineola, N.Y. : |
| اسم الناشر او الموزع | Dover Publications, |
| تاريخ النشر أو التوزيع | 2002. |
| 300 ## - الوصف المادى | |
| التعداد | ix, 369 p. ; |
| أبعاد الوعاء | 21 cm. |
| 440 #0 - بيان السلسلة/مدخل إضافى-العنوان | |
| العنوان | Dover thrift editions |
| 9 (RLIN) | 38344 |
| 500 ## - تبصرة عامة | |
| تبصرة عامة | "Unabridged republication of the work originally published by M. Kennerley, New York, in 1913"--T.p. verso. |
| 650 #0 - المدخل الاضافى بالموضوع-مصطلح موضوعى | |
| مصطلح موضوعي أو اسم جغرافي كعنصر مدخل | Working class families |
| التقسيم الفرعي الشكلي | Fiction. |
| 9 (RLIN) | 46281 |
| 650 #0 - المدخل الاضافى بالموضوع-مصطلح موضوعى | |
| مصطلح موضوعي أو اسم جغرافي كعنصر مدخل | Young men |
| التقسيم الفرعي الشكلي | Fiction. |
| 9 (RLIN) | 6940 |
| 651 #0 - المدخل الاضافى بالموضوع - اسم جغرافى | |
| الاسم الجغرافي | England |
| التقسيم الفرعي الشكلي | Fiction. |
| 655 #7 - مصطلح تكشيفى-نوع/شكل | |
| بيانات النوع/ الشكل أو المصطلح الأساسي | Autobiographical fiction. |
| مصدر المصطلح | gsafd |
| 9 (RLIN) | 7003 |
| 655 #7 - مصطلح تكشيفى-نوع/شكل | |
| بيانات النوع/ الشكل أو المصطلح الأساسي | Domestic fiction. |
| مصدر المصطلح | lcsh |
| 9 (RLIN) | 8139 |
| 655 #7 - مصطلح تكشيفى-نوع/شكل | |
| بيانات النوع/ الشكل أو المصطلح الأساسي | Bildungsromans. |
| مصدر المصطلح | gsafd |
| 9 (RLIN) | 6941 |
| 856 42 - الوصول و الموقع الالكترونى | |
| مواد محددة | Publisher description |
| معرف المصدر الموحد | <a href="http://www.loc.gov/catdir/description/dover032/2002019205.html">http://www.loc.gov/catdir/description/dover032/2002019205.html</a> |
| 906 ## - عنصر بيانات محلى F, LDF (RLIN) | |
| a | 7 |
| b | cbc |
| c | orignew |
| d | 1 |
| e | ocip |
| f | 20 |
| g | y-gencatlg |
| 942 ## - عناصر المدخل الإضافي( كوها) | |
| مصدر التصنيف او مخطط الترفيف | Dewey Decimal Classification |
| Koha [default] item type | كتاب |
| حالة الفقد | نموذج السعر الفعال | حالة تلف | ليس للاعارة | رقم الطلب | تاريخ الاكتساب | الموقع الحالي | الباركود | الفرع الرئيسي | Date last checked out | Date last seen | نوع المادة فى نظام كوها | مصدر التصنيف او خطة الترفيف | Total Checkouts | رقم النسخة | مصدر التزويد |
|---|---|---|---|---|---|---|---|---|---|---|---|---|---|---|---|
| 2014-07-10 | 823.912 LDS | 2014-07-10 | المكتبة المركزية بالمجمعة (CL) | 00653598 | المكتبة المركزية بالمجمعة (CL) | 2016-02-01 | 2016-05-11 | كتاب | Dewey Decimal Classification | 1 | |||||
| 2014-07-10 | 823.912 LDS | 2014-07-10 | المكتبة المركزية بالمجمعة (CL) | 00653599 | المكتبة المركزية بالمجمعة (CL) | 2014-07-10 | كتاب | Dewey Decimal Classification | |||||||
| 2014-07-10 | 823.912 LDS | 2014-07-10 | المكتبة المركزية بالمجمعة (CL) | 00653600 | المكتبة المركزية بالمجمعة (CL) | 2014-07-10 | كتاب | Dewey Decimal Classification | |||||||
| 2015-07-05 | Not For Loan | 823.912 LDS | 2015-07-05 | قسم الاجراءات الفنية (IC) | 00212070 | قسم الاجراءات الفنية (IC) | 2015-07-05 | كتاب | Dewey Decimal Classification | 1 | arab | ||||
| 2015-07-05 | Not For Loan | 823.912 LDS | 2015-07-05 | مكتبة كلية العلوم و الدراسات الإنسانية برماح - طالبات (SRF) | 00212069 | مكتبة كلية العلوم و الدراسات الإنسانية برماح - طالبات (SRF) | 2022-02-20 | 2022-03-06 | كتاب | Dewey Decimal Classification | 3 | 1 | arab | ||
| 2015-07-05 | 823.912 LDS | 2015-07-05 | مكتبة كلية العلوم و الدراسات الإنسانية برماح - طالبات (SRF) | 00212071 | مكتبة كلية العلوم و الدراسات الإنسانية برماح - طالبات (SRF) | 2022-12-20 | 2023-01-18 | كتاب | Dewey Decimal Classification | 1 | 2 | arab | |||
| 2015-07-05 | Not For Loan | 823.912 LDS | 2015-07-05 | مكتبة كلية العلوم و الدراسات الإنسانية برماح - طلاب (SRM) | 00212073 | مكتبة كلية العلوم و الدراسات الإنسانية برماح - طلاب (SRM) | 2015-07-05 | كتاب | Dewey Decimal Classification | 1 | arab | ||||
| 2015-07-05 | 823.912 LDS | 2015-07-05 | مكتبة كلية العلوم و الدراسات الإنسانية برماح - طلاب (SRM) | 00212072 | مكتبة كلية العلوم و الدراسات الإنسانية برماح - طلاب (SRM) | 2015-07-05 | كتاب | Dewey Decimal Classification | 2 | arab | |||||
| 2014-07-10 | 823.912 LDS | 2014-07-10 | مكتبة مجمع الكليات بالزلفى - طلاب (SZM) | 00653601 | مكتبة مجمع الكليات بالزلفى - طلاب (SZM) | 2014-07-10 | كتاب | Dewey Decimal Classification | |||||||
| 2014-07-10 | 823.912 LDS | 2014-07-10 | مكتبة مجمع الكليات بالزلفى - طلاب (SZM) | 00653602 | مكتبة مجمع الكليات بالزلفى - طلاب (SZM) | 2014-07-10 | كتاب | Dewey Decimal Classification |
